Statystyki dla Top 50 najpopularniejszych utworów 2020

Kliknij tutaj aby rozwiązać quiz!

Ogólne statystyki

  • Ten quiz został rozwiązany 11 razy
  • Średni wynik to 6 z 50

Statystyki odpowiedzi

WykonawcaTytuł albumuRok wydaniaLiczba wyświetleńTytuł Piosenki% Poprawnych
OkiPRODUKT47202227mlnJeżyk!
73%
PRO8L3M------------------201851mlnGround Zero
64%
OIOOIO202133mlnAmerykańskie Teledyski
55%
Oki, Gedz77747mixtape202020mlnSIRI
45%
PRO8L3MArt Brut 2202029mlnSkrable
45%
club2020club2020202310mlnMalibu Barbie
36%
PRO8L3MPRO8L3M201651mlnMolly
36%
OkiPRODUKT4720225,6mlnPieniądze, dziewczyny zwrotki
36%
Oki, Sobel, Young IgiPRODUKT4720224,7mlnDzielny pacjent
27%
PRO8L3M, Dawid Podsiadło, DuitFight Club20217,9mlnFreon
18%
Oki47playground20195,8mlnJustin Bieber
18%
OIOOIO202111mlnMVP
18%
PRO8L3M, Majka JeżowskaArt Brut 220205,9mlnPiekło jest w nas
18%
PRO8L3M, Wanda i BandaArt Brut 2202029mlnPrzebój nocy
18%
OIOOIO202120mlnPrzypadkiem
18%
PRO8L3MWIDMO201911mlnRotterdam
18%
PRO8L3MWIDMO201924mlnCrash test
9%
PRO8L3MGround Zero Mixtape201831mlnFlary
9%
PRO8L3MWIDMO201925mlnInterpol
9%
OkiPRODUKT47202222mlnJakie to uczucie?
9%
Jetlazg, PRO8L3MSzum201912mlnMieć i nie mieć
9%
PRO8L3MWIDMO201914mlnNational Geographic
9%
PRO8L3MArt Brut Mixtape201412mlnRitz Carlton
9%
PRO8L3MC30-C39 EP201310mlnTiramisu
9%
PRO8L3MC30-C39 EP201313mlnTori Black
9%
PRO8L3MArt Brut 2202011mlnW domach z betonu
9%
PRO8L3M, Kukon, PIH, The ReturnersFight Club20214,9mlnZiemia obiecana
9%
PRO8L3MWIDMO20198,9mln112
0%
PRO8L3MPRO8L3M20165mln2040
0%
PRO8L3MPRO8L3M201611mlnArt. 258
0%
PRO8L3MArt Burt 220206,4mlnBackstage
0%
PRO8L3MPRO8L3M20167,5mlnDr Melfi
0%
PRO8L3MGround Zero Mixtape20186,2mlnGolden
0%
PRO8L3MHack3d By GHO5T 2.0 EP20179,3mlnHack3d By GHO5T 2.0
0%
PRO8L3MGround Zero Mixtape20189mlnHazard
0%
PRO8L3MArt Brut Mixtape20145,8mlnJakby kończył się
0%
PRO8L3MArt Brut Mixtape20157,4mlnJakby świat kończył się
0%
PRO8L3MWIDMO201913mlnJak Disney
0%
PRO8L3MHack3d By GHO5T 2.0 EP201724mlnMakijaż
0%
PRO8L3MGround Zero Mixtape20186,2mlnMangolie
0%
PRO8L3MWIDMO20196,3mlnMonza
0%
PRO8L3MPRO8L3M20167,1mlnPrequel
0%
Oki-----------------------------20235,1mlnSprzedałem się
0%
PRO8L3MFight Club20205,3mlnStrange Days
0%
PRO8L3MArt Brut Mixtape20145,3mlnTEB 200-1
0%
PRO8L3MWIDMO20197,1mlnUSB
0%
PRO8L3MGround Zero Mixtape20186,2mlnV8
0%
PRO8L3MGround Zero Mixtape20189,2mlnVanitas
0%
PRO8L3MPRO8L3M201614mlnVHS
0%
PRO8L3MHack3d By GHO5T 2.0 EP201713mlnWorld Wide Web
0%

Rozkład punktacji

Percentyl według liczby udzielonych odpowiedzi

Procent ludzi z każdym wynikiem

Twoja historia wyników

Nie rozwiązałeś tego quizu